| 000 | 00593nam a2200241Ia 4500 | ||
|---|---|---|---|
| 003 | OSt | ||
| 005 | 20220924152038.0 | ||
| 006 | a|||||r|||| 00| 0 | ||
| 007 | ta | ||
| 008 | 220923b |||||||| |||| 00| 0 tel d | ||
| 020 | _c21.00 | ||
| 024 | _a340547 | ||
| 037 | _cTextual | ||
| 040 |
_aARTS _cARTS _btel |
||
| 041 |
_2tel _atel |
||
| 082 | _aO155,3N061,11, J2 | ||
| 100 |
_aJoshi _918016 |
||
| 245 | 0 | _aKalpitani satya | |
| 260 | _c1952 | ||
| 650 |
_aMARATHI LITERATURE _938000 |
||
| 942 |
_hO155,3N061,11, J2 _cTEXL _2CC |
||
| 999 |
_c468505 _d468505 |
||